000
00258nam a22001217a 4500
003
SGT
082
_a
616.85
_b
H09G
100
_a
GOTLIB, IAN H.
245
_a
HB. OF DEPRESSION
260
_a
NEW YORK
_b
THE GUILFORD
_c
2009
300
_a
708
942
_2
ddc
_c
BK
999
_c
15034
_d
15034